| 000 | 00568nam a22002057a 4500 | ||
|---|---|---|---|
| 999 |
_c153766 _d153766 |
||
| 005 | 20190104174958.0 | ||
| 010 | _a B-110214 | ||
| 020 |
_a8179920208 _c85.00 |
||
| 020 |
_a9788179920206 _c85.00 |
||
| 035 | _aB-110193 B-110216, B-110214 | ||
| 082 | _aS | ||
| 100 | _aMulk Raj Anand | ||
| 245 |
_aLajwanti and other stories/ _cby Mulk Raj Anand |
||
| 250 | _a2002 | ||
| 260 |
_aMumbai _bJaico Publishing House |
||
| 270 |
_a121, M.G. Road _bMumbai _e400023 |
||
| 300 |
_a100p.; _b18 cm (pbk) |
||
| 942 |
_2ddc _cEN _hS _mANA |
||